00659nam a2200169Ia 4500001001000000003000500010008004100015010001100056040000900067100002500076245013500101260003500236300001000271502010900281650004900390710005000439Para_2406CHAP220125s1989 xx 000 0 und d a200940 cCHAP aFlores Arango, Oscar aLarva y pupa de Tabanus morbasus Stone (Diptera :b Tabanidae), colectada en Huitzo, Oaxaca, México /c por Oscar Flores Arango aChapingo, Méx. :b El autor a57 h. aTesis (Ing. Agr. Esp. en Parasitología Agrícola) -- UACh. Departamento de Parasitología Agrícola aTabano Ganado x Plagas Tabanus morbosus aUACh. Departamento Parasitología Agrícola